00931nam a2200253 i 45000010005000000030009000050050017000140070003000310080041000340200025000750800023001000800023001232450170001462600067003163000020003835050088004036500031004916500030005227000026005527000031005787000021006097100022006308520025006526575ES-MaACL20250630032851.0t|900115s1974 sp |||| | spa d a84-500-0296-6 (O.C.) a332(46)"1874/1902" a338(46)"1874/1902"03aLa banca española en la Restauración / cpor Rafael Anes ... [et al.] ; dirigido por Gabriel Tortella Casares ; edición y revisión a cargo de Pedro Schwartz. aMadrid : bServicio de Estudios del Banco de España, c1974. a2 v. ; c24 cm.8 aContiene: I ; tPolíticas y finanzas - II ; tDatos para una historia económica14aBancos-zEspaña-yS.XIX. 4aBancos-zEspaña-yS.XX.1 aAnes Alvarez, Rafael.1 aTortella Casares, Gabriel.1 aSchwartz, Pedro.2 aBanco de España aES-MaACLjL-13754-55